Представление документа в формате MARC21

Поле Инд. ПП Название Значение
Тип записи a
Библиографический уровень m
001 Контрольный номер RU/IS/BASE/404220261
005 Дата корректировки 20150324135815.8
040 a Служба первич. каталог. НБ ТвГУ
b Код языка каталог. rus
e Правила каталог. PSBO
041 0_ a Код языка текста rus
080 a Индекс УДК 524.3
084 a Индекс другой классификации/Индекс ББК В662
090 a Полочн. индекс 527
x Авторский знак К 20
100 1_ a Автор Каплан Самуил Аронович
d Дата 1921-1978
q Полное имя Каплан С. А.
245 00 a Заглавие Физика звезд
250 a Основные сведения об издании 2-е изд., перераб. и доп.
260 a Место издания Москва
b Издательство Наука
c Дата издания 1970
300 a Объем 210, [2] с.
b Иллюстрации/ тип воспроизводства ил.
504 a Библиография Библиогр.: с. 209-211
653 a Ключевые слова Звездные системы
a Ключевые слова Звезды
a Ключевые слова Протозвезды
a Ключевые слова Физика звезд
a Ключевые слова Эволюция звезд
901 t Тип документа m
920 a Оператор Пету
a Оператор Семен
a Оператор Суха
a Оператор Стро
930 a Новая/Ретро новая
952 c Вид литературы К рн
954 a Дата поступления на обработку 20121022
a Дата поступления на обработку 20150323
c Дата окончания ОНО 20150324
b Дата поступления в ОК 20150316